Οι νέοι πόλεμοι : νέοι εχθροί και νέες μορφές πολέμου

Saved in:
Bibliographic Details
Main Author: Munkler, Herfried 1951-
Other Authors: Δασκαρόλη, Αναστασία (trlf), Κοτζιάς, Νίκος, 1950- (Author of introduction, etc.)
Format: Book
Language:Greek
German
Published: [Αθήνα] : Καστανιώτης, [2005]
Series:Αναστοχασμός
Subjects:
Tags: Add Tag
No Tags, Be the first to tag this record!

MARC

LEADER 00000cam a2200000 i 4500
001 1/96587
008 081105s2005####gr 000 | gre||
020 |a 9600339864  
035 |l 10101397 
040 |a GR-MY-UA  |b gre  |e aacr 
041 1 |a gre  |h ger 
082 0 |a 355.027   |2 (22)  
082 0 |a 327.117   |2 (23)  
100 1 |a Munkler, Herfried  |d 1951- 
245 1 3 |a Οι νέοι πόλεμοι :   |b νέοι εχθροί και νέες μορφές πολέμου /   |c Χέρφριντ Μύνκλερ ; πρόλογος Νίκος Κοτζιάς ; μετάφραση Αναστασία Δασκαρόλη.  
260 |a [Αθήνα] :   |b Καστανιώτης,   |c [2005]  
300 |a 204 σ. ;   |c 24 εκ.  
490 1 |a (Αναστοχασμός)  
500 |a Μετάφραση του: Die neuen Kriege.  
504 |a Περιλαμβάνει βιβλιογραφίες.  
650 0 0 |a War on Terrorism, 2001- 
650 0 0 |a Terrorism. 
650 0 0 |a International relations. 
650 0 0 |a War. 
650 0 0 |a World politics  |y 21st century. 
650 0 0 |a War  |x Causes. 
700 1 |a Δασκαρόλη, Αναστασία,  |e trlf 
700 1 |a Κοτζιάς, Νίκος,   |d 1950-  |e aui 
830 0 |a Αναστοχασμός 
852 |a INST  |b LESVOS  |c EUDOXUS  |e 20170822  |h 327.117 MUN  |p 005100059736  |q 005100059736  |t EDX  |y 0 
852 |a INST  |b RHODES  |e 20081105  |h 355.027 MUN  |p 005400031136  |q 005400031136  |t BK  |y 0 
901 |a BIBL4-2008-3 
909 |a Ρ  |b 153539 
920 |a Εύδοξος  |b Παραγγελία  |y Λέσβος-ΤΚΑΙ  |z 2017-05 
970 |a Χαριοπολίτου  |b Κωνσταντίνα  |z 2008/11/05